| 000 | 01042cam a22003015a 4500 | ||
|---|---|---|---|
| 999 |
_c27038 _d27010 |
||
| 001 | 3415461 | ||
| 005 | 20201128024401.0 | ||
| 008 | 901211s1991 ncu frb 001 0 eng d | ||
| 010 | _a 90027036 | ||
| 020 | _a0807843210 (pbk. : alk. paper) | ||
| 020 | _a9780807843215 | ||
| 040 |
_aDLC _beng _cDLC _dDLC _dEG-ScBUE |
||
| 082 | 0 | 4 |
_a301.01 _bCAS _222 |
| 245 | 0 | 2 |
_aA Case for the case study / _cedited by Joe R. Feagin, Anthony M. Orum, and Gideon Sjoberg. |
| 260 |
_aChapel Hill : _bUniversity of North Carolina Press, _cc.1991. |
||
| 300 |
_aviii, 290 p. ; _c24 cm. |
||
| 504 | _aIncludes bibliographical references and index. | ||
| 650 | 7 |
_aSociology _xResearch _xMethodology. _2BUEsh _9700 |
|
| 650 | 7 |
_aSocial sciences _xResearch _xMethodology. _2BUEsh |
|
| 650 | 7 |
_aCase method. _2BUEsh _934827 |
|
| 651 | _2BUEsh | ||
| 653 |
_bBUSADM _cDecember2018 |
||
| 655 |
_vReading book _934232 |
||
| 700 | 1 |
_aFeagin, Joe R., _eeditor. |
|
| 700 | 1 |
_aOrum, Anthony M., _eeditor. _911061 |
|
| 700 | 1 |
_aSjoberg, Gideon., _eeditor. |
|
| 942 | _2ddc | ||